Aspects of Language. (Record no. 1174)

MARC details
000 -LEADER
fixed length control field 00379nam a22001217a 4500
005 - DATE AND TIME OF LATEST TRANSACTION
control field 20200825160533.0
008 - FIXED-LENGTH DATA ELEMENTS--GENERAL INFORMATION
fixed length control field 200825b ||||| |||| 00| 0 eng d
020 ## - INTERNATIONAL STANDARD BOOK NUMBER
International Standard Book Number 0155038729
040 ## - CATALOGING SOURCE
Transcribing agency CML
245 ## - TITLE STATEMENT
Title Aspects of Language.
Statement of responsibility, etc. Bolinger, D.
260 ## - PUBLICATION, DISTRIBUTION, ETC.
Place of publication, distribution, etc. United States of America
Name of publisher, distributor, etc. Harcourt Brace Jovsnovich Inc
Date of publication, distribution, etc. 1981
942 ## - ADDED ENTRY ELEMENTS (KOHA)
Source of classification or shelving scheme Dewey Decimal Classification
Koha item type Books
Edition 3rd Edition
Classification part 400
Call number suffix BOL
Holdings
Withdrawn status Lost status Source of classification or shelving scheme Damaged status Not for loan Collection code Home library Current library Shelving location Date acquired Total Checkouts Full call number Date last seen Copy number Price effective from Koha item type
    Dewey Decimal Classification     Language Chalimbana Main Library Chalimbana Main Library Language 08/25/2020   400 BOL 08/25/2020 1 08/25/2020 Books

Powered by Koha